Femenine endings: music, gender, and sexuality

Salvato in:
Dettagli Bibliografici
Autore principale: McClary, Susan (autora)
Natura: Libro
Lingua:inglese
Pubblicazione: Minneapolis University of Minnesota Press 1991
Edizione:1a. ed
Soggetti:
Tags: Aggiungi Tag
Nessun Tag, puoi essere il primo ad aggiungerne!!

MARC

LEADER 00000cam a2200000 a 4500
001 UCC7115
003 CL-VaPUC
008 190304e19910000us |||||||||||||||||eng|d
020 |a 9780816641895 
082 0 4 |a 780.82  |b MCC  |2 21 
100 |a McClary, Susan  |e autora  |9 601855 
245 1 0 |a Femenine endings: music, gender, and sexuality 
250 |a 1a. ed 
300 |a 220 p 
942 |c BK 
945 |d 20190304 12:48:00  |a dcastane 
260 |a Minneapolis  |b University of Minnesota Press  |c 1991 
650 0 |a Música  |9 306269 
650 0 |a Feminismo  |9 259085 
650 7 |a SEXUALIDAD FEMENINA  |2 CL-VaPUC  |9 461124 
583 |a last modification  |c 20190304 12:48:00  |k Rodrigo Vera 
999 |c 373850  |d 373848 
952 |0 0  |1 0  |3 erb  |4 0  |6 780_820000000000000_MCC_1991  |7 0  |8 R  |9 492097  |a BIBEDU  |b BIBEDU  |i 553397K  |o 780.82 MCC 1991  |p 553397K  |r 2023-01-12  |w 2019-11-24  |y BK_R  |z Catalogado en:20190304  |k MUS